Länder mit Enklaven - Statistiken

Allgemein
  • Dieses Quiz wurde 36 mal gespielt
  • Das Durchschnittsergebnis liegt bei 14 aus 33
Antwortstatistiken
Gebiet Fläche Länder % Korrekt
San Marino 60.57 km² Italien
88%
Vatikanstadt 0.44 km² Italien
88%
Büsingen am Hochrhein 7.62 km² Schweiz
78%
Lesotho 30'355 km² Südafrika
75%
Llívia 12.84 km² Frankreich
63%
Dahagram-Angarpota 25.95 km² Indien
63%
Baarle-Hertog 2.345 km² Belgien
59%
Baarle-Nassau 0.151 km² Belgien
59%
Vennbahn-Exklaven 24.876 km² Belgien
59%
Arzwaschen 40 km² Aserbaidschan
56%
Barxudarlı 22 km² Armenien
53%
Kərki 19 km² Armenien
53%
Islas Apipé (Argentinien) _ Paraguay
47%
Isla Entre Ríos (Argentinien) _ Paraguay
47%
Međurečje 3.958 km² Serbien
38%
Barak 2 km² Usbekistan
38%
Sarwan 8.4 km² Usbekistan
38%
Sankowo-Medweschje 4.54 km² Belarus
34%
Chong-Kara _ Kirgistan
34%
Shohimardon 90 km² Kirgistan
34%
Soʻx 325 km² Kirgistan
34%
Jangail _ Kirgistan
34%
Yuxarı Əskipara und Aşağı Əskipara _ Kirgistan
34%
Woruch 130 km² Kirgistan
34%
Straßenabschnitt südöstlich des Bahnhofs Kairagatsch < 1 km² Kirgistan
34%
Isla Martín García 1.84 km² Uruguay
34%
Dhekelia-Exklaven 3.082 km² Grossbritannien (Dhekelia)
28%
Nahwa _ Oman
25%
Brezovica Žumberačka 0.018 km² Slowenien
19%
Madha 75 km² Vereinigte Arabische Emirate
16%
Grabstätte des Sulaiman Schah 0.02 km² Syrien
13%
Chizumulu 3 km² Malawi
6%
Likoma 15 km² Malawi
6%
Keine übereinstimmenden Quizze gefunden
Verteilung der Resultate
Anzahl Personen mit jedem Resultat
Perzentil nach korrekt beantworteten Fragen
Ihre Resultats-Entwicklung
Sie haben dieses Quiz noch nicht gespielt